000 02586cam a2200253 4500500
005 20251228074159.0
041 _afre
042 _adc
100 1 0 _aCréton-Cazanave, Laurence
_eauthor
700 1 0 _aBoboc, Anca
_eauthor
700 1 0 _aOuld-Ferhat, Laurence
_eauthor
245 0 0 _aL’application Crisorsec, un dispositif numérique au coeur des enjeux de la gestion des crises en milieu métropolitain
260 _c2017.
500 _a10
520 _aRésuméLa gestion des crises en milieu métropolitain requiert la participation d'un nombre grandissant d'acteurs, publics et privés. L'application numérique Crisorsec vise à faciliter l'échange d'informations en temps réel entre ces partenaires. L'étude de ce dispositif et de ses usages montre que si l'application a été pensée selon une logique de partage horizontal et collaboratif entre les partenaires, sa mise en  uvre se heurte à la difficulté de contourner certaines logiques verticales institutionnelles héritées. Cela est d'autant plus saillant que le cercle des acteurs impliqués s'élargit, et que le centre de l'action se déplace. In fine, les questions des apprentissages collectifs et de la gouvernance de l'outil apparaissent centrales pour assurer l'utilité et la pérennité du dispositif.
520 _aThe Crisorsec application: a digital device sitting at the cusp of the challenges facing crisis management in urban centresCrisis management in urban centres relies on the participation of a growing number of participants from both the public and private sectors. The purpose of Crisorsec, a digital application, is to facilitate multiple-partner information sharing in real time. A study of this application and its uses shows that Crisorsec may have been designed for systems of horizontal, collaborative sharing, but since its implementation, it has struggled to circumvent a number of existing vertical, institutional systems. This is all the more noticeable when the circle of participants widens and when the focus of the response shifts to another location. In fine, the issues surrounding collective learning and device handling appear key to ensuring the suitability and longevity of the application.
690 _aCOORDINATION DE L'ACTION
690 _aCRISORSEC
690 _aDISPOSITIF NUMÉRIQUE
690 _aGESTION DE CRISE
690 _aPARTAGE D'INFORMATION
786 0 _nSociologies pratiques | 34 | 1 | 2017-05-10 | p. 83-92 | 1235-9278
856 4 1 _uhttps://shs.cairn.info/revue-sociologies-pratiques-2017-1-page-83?lang=fr&redirect-ssocas=7080
999 _c1597026
_d1597026